Προσομοίωση της μορφολογικής αλλαγής της νήσου Χρυσή : μεταπτυχιακή διατριβή

Αποθηκεύτηκε σε:
Λεπτομέρειες βιβλιογραφικής εγγραφής
Κύριος συγγραφέας: Οικονόμου, Χρήστος
Συγγραφή απο Οργανισμό/Αρχή: Πανεπιστήμιο Αιγαίου Σχολή Περιβάλλοντος Τμήμα Περιβάλλοντος Πρόγραμμα Μεταπτυχιακών Σπουδών Περιβαλλοντική Πολιτική και Διαχείριση
Μορφή: Thesis Βιβλίο
Γλώσσα:Greek
Δημοσίευση: 2005.
Θέματα:
Διαθέσιμο Online:http://hdl.handle.net/11610/15093
Ετικέτες: Προσθήκη ετικέτας
Δεν υπάρχουν, Καταχωρήστε ετικέτα πρώτοι!

MARC

LEADER 00000cam a2200000 i 4500
001 1/34396
008 060915s2005 gr | ||| |||| ||gre||
035 |l 10085216 
040 |a GR-MyUa  |b gre  |e AACR2 
041 0 |a gre 
082 7 |a 333.7   |2 (22) 
100 1 |a Οικονόμου, Χρήστος. 
245 1 0 |a Προσομοίωση της μορφολογικής αλλαγής της νήσου Χρυσή :   |b μεταπτυχιακή διατριβή /   |c Οικονόμου Χρήστος ; υπεύθυνος καθηγητής Ματσίνος Ιωάννης.  
260 |c 2005.  
300 |a 52 σ. :   |b πίν., διαγράμ. ;   |c 30 εκ.  
502 |a Διατριβή (μεταπτυχιακή) - Πανεπιστήμιο Αιγαίου, Λέσβος, 2005.  
504 |a Βιβλιογραφία: 48-59.  
650 0 |a Environmental management  |z Greece  |z Crete. 
650 0 |a Environmental management  |z Greece  |z Chryse Island (Crete) 
650 0 |a Environmental management  |x Research. 
650 0 |a Dissertations, Academic  |z Greece. 
700 1 |a Ματσίνος, Ιωάννης Γ.  |e dgs 
710 2 |a Πανεπιστήμιο Αιγαίου  |b Σχολή Περιβάλλοντος  |b Τμήμα Περιβάλλοντος  |b Πρόγραμμα Μεταπτυχιακών Σπουδών Περιβαλλοντική Πολιτική και Διαχείριση. 
852 |a INST  |b LESVOS  |c DIATR  |e 20060915  |h 263  |p 005100035217  |q 005100035217  |t MTXE  |y 23 
852 |a INST  |b LESVOS  |c DIATR  |e 20060915  |h 264  |p 005100035216  |q 005100035216  |t MTXE  |y 23 
856 |u http://hdl.handle.net/11610/15093 
901 |a BIBL1-2006-2 
924 |a ΟΙΚΟΝΟΜΟΥ  |b ΧΡΗΣΤΟΣ  |y Λέσβος  |z 2006-08 
970 |a ΜΑΡΙΝΑΤΟΥ  |b ΜΥΡΣΙΝΗ  |z 2006/09/15